Liste des plus gros succès du box-office en France - Statistiques

Statistiques générales
  • Ce quiz a été pris 57 fois
  • Le résultat moyen est 15 sur 100
Statistiques - réponses
Rang Titre Réalisateur Année Entrées Pays % Correct
1 Titanic James Cameron 1998 22 295 045 États-Unis
92%
7 Avatar James Cameron 2009 15 340 969 États-Unis/Royaume-Uni
87%
2 Bienvenue chez les Ch'tis Dany Boon 2008 20 489 303 France
87%
41 E.T., l'extra-terrestre Steven Spielberg 1982 9 415 886 États-Unis
79%
3 Intouchables Éric Toledano / Olivier Nakache 2011 19 503 038 France
67%
8 Astérix et Obélix : Mission Cléopâtre Alain Chabat 2002 14 967 407 France/Allemagne
58%
5 La Grande Vadrouille Gérard Oury 1966 17 317 745 France/Royaume-Uni
54%
25 Un p'tit truc en plus Artus 2024 10 788 247 France
40%
13 Avatar : La Voie De L'eau James Cameron 2022 14 000 537 États-Unis
37%
78 Le Seigneur des anneaux : Le Retour du roi Peter Jackson 2003 7 393 904 États-Unis/Nouvelle-Zélande
37%
94 Le Seigneur des anneaux : Les Deux Tours Peter Jackson 2002 7 070 194 États-Unis/Nouvelle-Zélande
37%
15 Les Visiteurs Jean-Marie Poiré 1993 13 782 991 France
37%
23 Le Corniaud Gérard Oury 1965 11 739 783 France/Italie/Espagne
33%
44 Le Grand Bleu Luc Besson 1988 9 194 343 France/Italie/États-Unis
33%
61 Star Wars, épisode I : La Menace fantôme George Lucas 1999 7 975 313 États-Unis
31%
43 Le Dîner de cons Francis Veber 1998 9 247 001 France
27%
21 Qu'est-ce qu'on a fait au Bon Dieu ? Philippe de Chauveron 2014 12 366 033 France
27%
9 Il était une fois dans l'Ouest Sergio Leone 1968 14 862 764 Italie/États-Unis
25%
28 Star Wars, épisode VII : Le Réveil de la Force J. J. Abrams 2015 10 507 561 États-Unis
25%
30 Taxi 2 Gérard Krawczyk 2000 10 345 901 France
25%
6 Autant en emporte le vent Victor Fleming 1950 16 719 236 États-Unis
23%
72 Le Cinquième Élément Luc Besson 1997 7 727 697 France
23%
57 Le Dictateur Charlie Chaplin 1945 8 269 894 États-Unis
23%
53 Le Fabuleux Destin d'Amélie Poulain Jean-Pierre Jeunet 2001 8 670 926 France/Allemagne
23%
85 Star Wars, épisode III : La Revanche des Sith George Lucas 2005 7 247 809 États-Unis
23%
58 Rien à déclarer Dany Boon 2011 8 150 825 France/Allemagne
21%
42 Le Comte de Monte-Cristo Alexandre de La Patellière / Matthieu Delaporte 2024 9 265 868 France
19%
70 Le Comte de Monte-Cristo Robert Vernay 1955 7 780 642 France/Italie
19%
79 Spider-Man: No Way Home Jon Watts 2021 7 387 844 États-Unis
19%
93 Star Wars, épisode VIII : Les Derniers Jedi Rian Johnson 2017 7 076 549 États-Unis
19%
38 Harry Potter à l'école des sorciers Chris Columbus 2001 9 608 331 États-Unis/Royaume-Uni
17%
89 Harry Potter et le Prisonnier d'Azkaban Alfonso Cuarón 2004 7 138 548 États-Unis/Royaume-Uni
17%
29 Les Bronzés 3 : Amis pour la vie Patrice Leconte 2006 10 355 930 France
17%
14 Ben-Hur William Wyler 1960 13 826 124 États-Unis
15%
45 Harry Potter et la Chambre des secrets Chris Columbus 2002 9 144 701 États-Unis/Royaume-Uni
15%
26 Le Roi lion Roger Allers / Rob Minkoff 1994 10 718 727 États-Unis
15%
33 Le Roi lion Jon Favreau 2019 10 017 995 États-Unis
15%
73 Orange mécanique Stanley Kubrick 1972 7 602 396 Royaume-Uni/États-Unis
15%
71 Harry Potter et la Coupe de feu Mike Newell 2005 7 731 601 États-Unis/Royaume-Uni
13%
92 La Chèvre Francis Veber 1981 7 079 674 France/Mexique
13%
60 Les Couloirs du temps : Les Visiteurs 2 Jean-Marie Poiré 1998 8 043 129 France
13%
31 Trois Hommes et un couffin Coline Serreau 1985 10 251 465 France
13%
83 Danse avec les loups Kevin Costner 1991 7 280 124 États-Unis
12%
67 Le Gendarme de Saint-Tropez Jean Girault 1964 7 809 334 France/Italie
12%
52 Les Choristes Christophe Barratier 2004 8 689 891 France/Suisse/Allemagne
12%
98 Skyfall Sam Mendes 2012 7 003 902 États-Unis/Royaume-Uni
12%
69 Sixième Sens M. Night Shyamalan 2000 7 799 130 États-Unis
10%
47 Astérix et Obélix contre César Claude Zidi 1999 8 948 624 France/Allemagne/Italie
8%
4 Blanche-Neige et les Sept Nains David Hand 1938 18 290 843 États-Unis
8%
35 La Guerre des boutons Yves Robert 1962 9 936 391 France
8%
66 La Vérité si je mens ! 2 Thomas Gilou 2001 7 826 393 France
8%
12 Les Dix Commandements Cecil B. DeMille 1958 14 229 745 États-Unis
8%
46 L'Ours Jean-Jacques Annaud 1988 9 136 266 France
8%
17 Cendrillon Wilfred Jackson / Clyde Geronimi / Hamilton Luske 1950 13 226 772 États-Unis
6%
24 La Belle et le Clochard Hamilton Luske / Wilfred Jackson / Clyde Geronimi 1955 11 175 716 États-Unis
6%
75 La Famille Bélier Éric Lartigau 2014 7 450 944 France/Allemagne
6%
77 La Reine des Neiges 2 Jennifer Lee / Chris Buck 2019 7 401 300 États-Unis
6%
16 Le Pont de la rivière Kwaï David Lean 1957 13 481 750 États-Unis/Royaume-Uni
6%
20 Les Aristochats Wolfgang Reitherman 1971 12 481 726 États-Unis
6%
81 Les Aventures de Rabbi Jacob Gérard Oury 1973 7 295 727 France/Italie
6%
55 Vice-versa 2 Kelsey Mann 2024 8 426 571 États-Unis
6%
82 Aladdin Ron Clements / John Musker 1993 7 280 423 États-Unis
4%
91 Jeanne d'Arc Victor Fleming 1949 7 092 586 États-Unis
4%
97 Jour de Fête Jacques Tati 1949 7 027 487 France
4%
50 La Grande Évasion John Sturges 1963 8 756 631 États-Unis
4%
19 La Grande Illusion Jean Renoir 1937 12 500 000 France
4%
10 Le Livre de la jungle Wolfgang Reitherman 1968 14 695 741 États-Unis
4%
39 Le Monde de Nemo Andrew Stanton / Lee Unkrich 2003 9 528 033 États-Unis
4%
11 Les 101 Dalmatiens Wolfgang Reitherman / Clyde Geronimi / Hamilton Luske 1961 14 660 594 États-Unis
4%
63 Tarzan Kevin Lima / Chris Buck 1999 7 859 751 États-Unis
4%
51 West Side Story Robert Wise / Jerome Robbins 1962 8 719 610 États-Unis
4%
27 Bambi David Hand 1948 10 679 106 États-Unis
2%
48 Emmanuelle Just Jaeckin 1974 8 893 996 France
2%
86 Jean de Florette Claude Berri 1986 7 223 657 France/Suisse/Italie
2%
36 Le Docteur Jivago David Lean 1966 9 816 054 États-Unis/Italie/Royaume-Uni
2%
22 Le Jour le plus long Ken Annakin / Andrew Marton / Bernhard Wicki / Gerd Oswald / Darryl F. Zanuck 1962 11 933 629 États-Unis
2%
76 Le Retour de don Camillo Julien Duvivier 1953 7 425 550 France/Italie
2%
99 Les Grandes Vacances Jean Girault 1967 6 986 917 France/Italie
2%
34 Les Misérables Jean-Paul Le Chanois 1957 9 940 533 France/l'Allemagne de l'Est/l'Italie
2%
84 Peter Pan Clyde Geronimi / Wilfred Jackson / Hamilton Luske 1953 7 255 475 États-Unis
2%
65 Pinocchio Hamilton Luske / Ben Sharpsteen 1946 7 835 702 États-Unis
2%
64 Ratatouille Brad Bird 2007 7 845 210 États-Unis
2%
90 Samson et Dalila Cecil B. DeMille 1951 7 116 442 États-Unis
2%
100 Si Versailles m'était conté... Sacha Guitry 1954 6 986 788 France/Italie
2%
62 Un Indien dans la ville Hervé Palud 1994 7 870 802 France
2%
68 L'Âge de glace 3 : le Temps des dinosaures Carlos Saldanha / Mike Thurmeier 2009 7 803 757 États-Unis
0%
49 La Vache et le Prisonnier Henri Verneuil 1959 8 844 199 France/Italie
0%
54 Le Bataillon du ciel Alexander Esway 1947 8 649 691 France
0%
18 Le Petit Monde de don Camillo Julien Duvivier 1952 12 791 168 France/Italie
0%
87 Les Aventures de Bernard et Bianca Wolfgang Reitherman / Art Stevens / John Lounsbery 1977 7 219 476 États-Unis
0%
74 Les Bidasses en folie Claude Zidi 1971 7 460 911 France
0%
32 Les Canons de Navarone J. Lee Thompson 1961 10 197 729 Royaume-Uni/États-Unis
0%
96 Les Sept Mercenaires John Sturges 1961 7 037 826 États-Unis
0%
95 Monsieur Vincent Maurice Cloche 1947 7 055 290 France
0%
56 Pour qui sonne le glas Sam Wood 1947 8 274 596 États-Unis
0%
88 Shrek 2 Andrew Adamson / Kelly Asbury / Conrad Vernon 2004 7 185 626 États-Unis
0%
40 Sous le plus grand chapiteau du monde Cecil B. DeMille 1953 9 488 114 États-Unis
0%
80 Super Mario Bros., le film Aaron Horvath / Michael Jelenic 2023 7 375 873 États-Unis/Japon
0%
37 Vingt Mille Lieues sous les mers Richard Fleischer 1955 9 619 259 États-Unis
0%
59 Violettes impériales Richard Pottier 1952 8 125 766 France/Espagne
0%
Aucun quiz correspondant
Distribution des résultats
% des personnes avec chaque résultat
Percentile par nombre de réponses
Votre historique - résultats
Vous n’avez pas pris ce quiz